000 00593nam a2200217 i 4500
001 99455
003 ES-MaACL
005 20230906182512.0
007 t|
008 050908s1983 sp ||||1| spa d
020 _a84-320-4171-8
100 1 _aMartín Vigil, José Luis.
_977676
245 1 3 _aEl rollo de mis padres /
_cJosé Luis Martín Vigil.
250 _a[5ª ed.].
260 _aBarcelona :
_bPlaneta,
_c1983.
300 _a335 p. ;
_c18 cm.
490 1 _aFábula ;
_v71
830 0 _aFábula ;
_v71
_9179737
852 _aES-MaACL
_jL-9021
_bR.107324
999 _c99455
_d99455